แสดงรายละเอียดบรรณานุกรม
  กลับหน้าหลัก

Brief Record : Get Marc (ISO 2709) : E-mail record : QR code ปิดหน้าต่าง
LEADER 00000nam 2200000uu 4500
008    131224s2555||||th 000 0 tha d
041 0  ^atha^beng
060  4 ^aวพ WB433 ก279พ 2555
100 0  กฤษฎา กุลกระจ่าง
245 10 รายงานวิทยานิพนธ์ เรื่อง พฤติกรรมการบริโภคเครื่องดื่มประเภทที่ไม่มีแอลกอฮอล์ของนักศึกษาวิทยาลัยพยาบาลบรมราชชนนีนครราชสีมา /^cกฤษฎา กุลกระจ่าง
246 15 Non alcoholic beverage consumption behavior ofBoromarajjonani College of Nursing Students, Nakhon Ratchasima
260    ^aขอนแก่น : ^bมหาวิทยาลัยขอนแก่น,^c2555
300    [ก]-ญ, 121 หน้า
502    วิทยานิพนธ์ (ส.ม.)--สาขาวิชาโภชนาการเพื่อสุขภาพบัณฑิตวิทยาลัย มหาวิทยาลัยขอนแก่น, 2555
650  4 เครื่องดื่ม^xการบริโภค
650  4 บริโภคนิสัย^zไทย^zนครราชสีมา
650  4 โภชนศาสตร์
650  0 วิทยานิพนธ์
700 0  สุวลี โล่วิรกรณ์
710 2  มหาวิทยาลัยขอนแก่น.^bบัณฑิตวิทยาลัย.^bสาขาวิชาโภชนาการเพื่อสุขภาพ
999    ^aใช้งานได้ทุกระบบ
รายการนี้ยังไม่มีแท็ก
คุณยังไม่ได้ล็อกอิน คุณสามารถมีกิจกรรมร่วมกับเว็บไซต์ได้ แต่ต้องล็อกอินก่อน ::
  ล็อกอิน
ลำดับที่ ประเภท เลขเรียก สถานที่ สถานะ
1. วิทยานิพนธ์
วิทยานิพนธ์
วพ WB433 ก279พ 2555  
  
ชั้นหนังสือวิทยานิพนธ์ On Shelf
  ขอยืม
   [แสดง 1/1 รายการ]

รายการใกล้เคียง
    หัวเรื่อง [โภชนศาสตร์]
    หัวเรื่อง [วิทยานิพนธ์]

BibComment


ยังไม่เคยถูกคอมเมนท์

คอมเมนท์ทรัพยากรรายการนี้
  คอมเมนท์: รายงานวิทยานิพนธ์..
Bib 209405

 
 
 

 Union Library Management : ULibM
Copyright 2026. All Rights Reserved.
скачать бесплатно без регистрации порно красивый секс HD Sex Hindi sex

xxx gou

xxxx

bfxxx

xxxwww

Секса Видео

xxxx

Секса Видео

detube

geilexxx

C99 Shell

worms shell

blod xxx video
Ebony Coed Rihanna Rimes Takes A Dick In Her Young Twat priyaa indian fuck anal and pusssy hardcore indian women xxx desi hardcore fucking part 1 bengalixxxcouple